| 000 | 00587nam a2200157 i 4500 | ||
|---|---|---|---|
| 001 | 46732 | ||
| 003 | ES-MaACL | ||
| 005 | 20230906161434.0 | ||
| 007 | t| | ||
| 008 | 030331q1945 sp ||||1| spa d | ||
| 111 | 2 |
_aCongreso de Bellas Artes ( _d1945. _cMadrid) _9295 |
|
| 245 | 1 | 0 |
_aCongreso de Bellas Artes _b: celebrada en el CĂrculo de Bellas Artes de Madrid 22-28 de mayo de 1945 : memoria / _credactada por el secretario del Congreso. |
| 260 |
_a[S.l. : _bs.n., _c1945?] ( _eMadrid : _fImp. Ernesto Catalá) |
||
| 300 |
_a126 p. ; _c25 cm. |
||
| 852 |
_aES-MaACL _j1867-F-12 _bR.21708 |
||
| 999 |
_c46732 _d46732 |
||